[Event "ITA-ch U12"]
[Site "Tarvisio"]
[Date "2023.07.07"]
[Round "7"]
[White "Nassa, Nicolas"]
[Black "Bahnareanu, Gabriel"]
[Result "1-0"]
[WhiteElo "1727"]
[BlackElo "1395"]
[PlyCount "95"]
[EventDate "2023.07.02"]
[EventType "swiss"]
[EventRounds "9"]
[EventCountry "ITA"]
[SourceTitle "EXT 2024"]
[Source "ChessBase"]
[SourceDate "2023.10.10"]
[SourceVersion "1"]
[SourceVersionDate "2023.10.10"]
[SourceQuality "1"]

1. e4 c5 2. Nf3 d6 3. Bb5+ Nd7 4. d4 cxd4 5. Nxd4 a6 6. Ba4 g6 7. Nc3 Bg7 8. 0-0 Ngf6 9. Be3 0-0 10. f3 Nc5 11. Bb3 Nxb3 12. Nxb3 b5 13. Qd2 Re8 14. Rad1 Bb7 15. Ne2 Nd7 16. c3 Ne5 17. Qc1 Rc8 18. Kh1 Nc4 19. Bg1 Ba8 20. Ng3 b4 21. f4 a5 22. f5 a4 23. Nd4 Qa5 24. fxg6 fxg6 25. Ne6 Qe5 26. Nxg7 Qxg7 27. Bd4 e5 28. Bg1 bxc3 29. bxc3 a3 30. Qg5 Bb7 31. Rf3 Rf8 32. Rdf1 Rxf3 33. Rxf3 Rf8 34. Rd3 Rb8 35. Qh4 Bc6 36. Nf5 gxf5 37. Rg3 Qxg3 38. Qxg3+ Kf7 39. Qh3 Bxe4 40. Qxh7+ Ke6 41. Qg6+ Ke7 42. Qg7+ Ke6 43. Qc7 Rb2 44. Qxc4+ Bd5 45. Qc8+ Ke7 46. Qc7+ Ke6 47. Qg7 Rxa2 48. Qg8+ 1-0

[Event "ITA-ch U12"]
[Site "Tarvisio"]
[Date "2023.07.06"]
[Round "5"]
[White "Carlino, Alessandro"]
[Black "Nassa, Nicolas"]
[Result "0-1"]
[WhiteElo "1426"]
[BlackElo "1727"]
[PlyCount "84"]
[EventDate "2023.07.02"]
[EventType "swiss"]
[EventRounds "9"]
[EventCountry "ITA"]
[SourceTitle "EXT 2024"]
[Source "ChessBase"]
[SourceDate "2023.10.10"]
[SourceVersion "1"]
[SourceVersionDate "2023.10.10"]
[SourceQuality "1"]

1. e4 e5 2. Nf3 Nc6 3. Bc4 Bc5 4. c3 Nf6 5. d4 exd4 6. b4 Bb6 7. e5 Ne4 8. Bd5 Nxc3 9. Nxc3 dxc3 10. Bg5 Ne7 11. 0-0 h6 12. Bh4 a5 13. b5 g5 14. Nxg5 hxg5 15. Bxg5 c6 16. Bb3 a4 17. Bc4 cxb5 18. Bd5 Qc7 19. Bxe7 Kxe7 20. Qf3 Rh7 21. Qf5 Rg7 22. Qf6+ Kf8 23. h4 Qc5 24. Bf3 Ba5 25. h5 Ra6 26. Qh4 Qe7 27. Qf4 Qg5 28. Qd4 Qe7 29. Be4 Rh6 30. Bf3 Kg8 31. Qa7 Bc7 32. Qe3 Qxe5 33. Qxe5 Bxe5 34. Rfe1 d6 35. Rad1 Bf5 36. Be4 Bxe4 37. Rxe4 Rxh5 38. f4 Bf6 39. Rxd6 c2 40. Re8+ Kh7 41. Rc8 Be7 42. Rd7 Bc5+ 0-1